MARC details
| 000 -CABECERA |
| campo de control de longitud fija |
01267nam a2200193 a 4500 |
| 001 - NÚMERO DE CONTROL |
| campo de control |
000040732 |
| 005 - FECHA Y HORA DE LA ÚLTIMA TRANSACCIÓN |
| campo de control |
20201002034334.0 |
| 008 - DATOS DE LONGITUD FIJA--INFORMACIÓN GENERAL |
| campo de control de longitud fija |
130905s2004 sp 000 0 spa d |
| 020 ## - NÚMERO INTERNACIONAL ESTÁNDAR DEL LIBRO |
| Número Internacional Estándar del Libro |
9788497564953 |
| 040 ## - FUENTE DE LA CATALOGACIÓN |
| Centro catalogador/agencia de origen |
DO-SdBNP |
| Lengua de catalogación |
spa |
| Centro/agencia transcriptor |
BNPHU |
| 100 1# - ENTRADA PRINCIPAL--NOMBRE DE PERSONA |
| Nombre de persona |
Ballart, Josep |
| 9 (RLIN) |
67128 |
| 245 10 - MENCIÓN DE TÍTULO |
| Título |
Manual de museos / |
| Mención de responsabilidad, etc. |
Josep Ballart Hernández. |
| 260 ## - PUBLICACIÓN, DISTRIBUCIÓN, ETC. |
| Lugar de publicación, distribución, etc. |
Madrid : |
| Nombre del editor, distribuidor, etc. |
Síntesis, |
| Fecha de publicación, distribución, etc. |
[200?]. |
| 300 ## - DESCRIPCIÓN FÍSICA |
| Extensión |
245 p. ; |
| Dimensiones |
23 cm. |
| 490 1# - MENCIÓN DE SERIE |
| Mención de serie |
Patrimomio cultural ; |
| Designación de volumen o secuencia |
4 |
| 504 ## - NOTA DE BIBLIOGRAFÍA, ETC. |
| Nota de bibliografía, etc. |
Bibliografía: p. 237-245 |
| 505 0# - NOTA DE CONTENIDO CON FORMATO |
| Título |
El museo y sus estructuras-- |
| -- |
El museo como institución -- |
| -- |
El museo en sus colecciones -- |
| -- |
El museo como organización -- |
| -- |
El museo como equipo humano profesional -- |
| -- |
El museo como contenedor -- |
| -- |
El museo como conservador -- |
| -- |
El público y los museos -- |
| -- |
El público y los museos del siglo XXI -- |
| -- |
Los museos y la comunicación. -- |
| -- |
Los museos y la educación Ideado como una síntesis didáctica, la obra abarca los aspectos fundamentales, las funciones y los principales retos de la museología en la actualidad -- |
| -- |
La cita de más de doscientos museos de España y del resto del mundo, en algunos casos con estudio y comentario crítico añadido, completa la estructura del texto, que integra teoría y práctic |
| 830 #0 - PUNTO DE ACCESO ADICIONAL DE SERIE-TÍTULO UNIFORME |
| Título uniforme |
Patrimomio cultural |
| Número de parte o sección de la obra |
4 |
| 9 (RLIN) |
67129 |